|
|
|
|
| LEADER |
01086nam a2200301 a 4500 |
| 001 |
4651 |
| 003 |
BD-DhAAL |
| 005 |
20150701120129.0 |
| 008 |
150701s1987 enka d 000 0 eng |
| 010 |
|
|
|a 87209319
|
| 020 |
|
|
|a 0582842220
|
| 020 |
|
|
|a 0582842239(pbk.)
|
| 040 |
|
|
|a DLC
|c DLC
|d DLC
|d BD-DhAAL
|
| 050 |
0 |
0 |
|a PE1628
|b .L58 1987
|
| 082 |
0 |
0 |
|a 423
|2 19
|
| 245 |
0 |
0 |
|a Longman dictionary of contemporary English /
|c [editorial director, Della Summers]
|
| 250 |
|
|
|a New ed.
|
| 260 |
|
|
|a Harlow, Essex, England :
|b Longman,
|c 1987.
|
| 300 |
|
|
|a F53, 1229, B29 p. :
|b ill. ;
|c 23 cm.
|
| 500 |
|
|
|a Chart containing grammar codes and pronunciation and spelling table in pocket.
|
| 541 |
|
|
|e 4651
|
| 650 |
|
0 |
|a English language
|x Dictionaries.
|9 12747
|
| 650 |
|
0 |
|a English language
|x Terms and phrases.
|9 12573
|
| 700 |
1 |
|
|a Summers, Della.
|9 12748
|
| 740 |
0 |
|
|a Dictionary of contemporary English.
|
| 942 |
|
|
|2 ddc
|c BK
|
| 999 |
|
|
|c 34914
|d 34914
|
| 952 |
|
|
|0 0
|1 0
|2 ddc
|4 0
|6 423_000000000000000_LON
|7 1
|9 54655
|a SCL
|b SCL
|c REF
|d 2015-07-01
|l 0
|o 423 LON
|p 3020004651
|r 2015-07-01
|t 1
|w 2015-07-01
|y BK
|